| 000 | 00792nam a2200241Ia 4500 | ||
|---|---|---|---|
| 003 | OSt | ||
| 005 | 20220923211335.0 | ||
| 006 | a|||||r|||| 00| 0 | ||
| 007 | ta | ||
| 008 | 220922b |||||||| |||| 00| 0 pan d | ||
| 020 |
_a9788182992030 (hbk) _c175 |
||
| 024 | _a246,907 | ||
| 037 |
_b7830/X, 31/01/2011, Arsee Publishers _cTextual |
||
| 040 |
_aARTS _cARTS _bpan |
||
| 041 |
_2pan _apan |
||
| 082 | _aR3xM44, 153Q0 | ||
| 100 |
_aਸੈਖ਼ੀ, ਦੇਵਿੰਦਰ _9156279 |
||
| 245 | 0 | _aਨੀਤFੇ ਦਾ ਮਹਾਂਮਾਨਵ, | |
| 260 |
_aਦਿੱਲੀ _b ਆਰਸੀ _c2010 |
||
| 300 |
_a135ਪੰ _ccm. |
||
| 942 |
_hR3xM44, 153Q0 _cTEXL _2CC |
||
| 999 |
_c298603 _d298603 |
||